| 000 | 00422nam a22001337a 4500 | ||
|---|---|---|---|
| 008 | 210923b |||||||| |||| 00| 0 eng d | ||
| 020 | _a1873796765 | ||
| 050 | _aBV 4501.2 .B76 1998 | ||
| 100 | _aBrown, George W. | ||
| 245 |
_aThe fruit of the spirit/ _cGeorge W. Brown |
||
| 260 |
_aGrantham : _bThe Stanborough Press Ltd, _c1998 |
||
| 300 |
_a108p. : _c18cm. |
||
| 942 |
_2lcc _cBOOKS _hBV 4501.2 .B76 1998 |
||
| 999 |
_c30986 _d30986 |
||